00281nam a2200109Ia 4500008004100000082001900041100001400060245004300074250000900117260003700126300000800163150731s2009 xx 000 0 und d a615.53bI 09 L aLUWS,D S. aAN INTRODUTION TO NIGHANTU OF AYURVEDA a1 ST bCHAUKHAMBHA PUB. NEW DELHIc2009 a255